00445nam a2200169Ia 4500003000400000005001700004006001800021007000300039008004100042037001700083040001800100041001300118082001600131100005100147245005500198500002200253OSt20220926041334.0a|||||r|||| 00| 0ta220923b |||||||| |||| 00| 0 eng d cGeneral Book aRTLcRTLbeng 2engaeng aXp1:N27, F7 aInternational Economic Conference. Geneva.1927 0aReport and proceedings. Ed. by the Financial and E aL.o.N.,1927,II,52